000 00528nam a2200157 a 4500
008 120416s1972 ||||||||||||||||| || u
050 _aGV 1005 Bar
100 _aBarnes, Chester
245 1 0 _aModern table tennis tactics
260 _aLondon
_bPelham Books
_c1972
300 _a127p. : ill.
350 _a0.00
650 _aSPORTS
650 _aTABLE TENNIS--TACTICS
995 _D0.00
_FCBU-MAIN LIBRARY (Kitwe)
_H1
_I5.95
_M1
_UAVAILABLE
_ZMain Library Open Access Collection
999 _c51526
_d51526